| 000 | 00413 a2200145 4500 | ||
|---|---|---|---|
| 245 |
_aTo Every Birth its Blood _hprint |
||
| 020 | _a0869752162 (pbk.) | ||
| 700 | _aSerote, Mongane Wally | ||
| 650 | _aENGLISH LITERATURE | ||
| 005 | 20191017172315.0 | ||
| 260 |
_asa _bRaven Press _cc1981 |
||
| 084 | _aPR9369.3.S45 T6 1981 | ||
| 300 |
_a368 p. _b 19 cm. _c368 p. ; 19 cm. |
||
| 500 | _aMongane Serote. | ||
| 490 | _aStaffrider series ; no. 12 | ||
| 999 |
_c8713 _d8713 |
||